Chargement en cours...
The Encyclopdiae Americana(Vol.29)
| Collectivité auteur: | |
|---|---|
| Format: | Printed Book |
| Langue: | English |
| LEADER | 00373nam a22001097a 4500 | ||
|---|---|---|---|
| 005 | 20151028162413.0 | ||
| 008 | 100607t xxu||||| |||| 00| 0 eng d | ||
| 110 | |a Encyclopdiae Americana Corporation |9 28166 | ||
| 245 | |a The Encyclopdiae Americana(Vol.29) | ||
| 942 | |c CRF |6 _ | ||
| 999 | |c 81712 |d 81712 | ||
| 952 | |0 0 |1 0 |2 ddc |4 0 |6 _ |7 0 |9 95083 |a SOS |b SOS |d 2010-06-07 |p MS006043 |r 2013-06-14 |w 2010-06-07 |y REF | ||